000 00449nam a2200145Ia 4500
008 100122s9999 xx 000 0 und d
082 _b66562
_a823.08
100 _aवर्दे दीपा
245 _aमृगजळाची तहान
260 _bवसंत बुक स्टॉल
_c2004
300 _a155
630 _aमृगजळाची तहान
730 _aमृगजळाची तहान
942 _cBOOK
999 _c439044
_d439041